000 00385pab a2200157 454500
008 180718b2003 xxu||||| |||| 00| 0 eng d
100 _aSingh, Seema
245 _aRelevance of economics in engineering education
260 _c2003
300 _ap.9-11.
362 _a3 Mar
650 _aEconomics
650 _aEngineering education
773 _aUniversity News
909 _a56027
999 _c56027
_d56027